| 000 | 01065nam a22001937a 4500 | ||
|---|---|---|---|
| 005 | 20120215115238.0 | ||
| 020 |
_a9788181468277 _c95.00 |
||
| 082 | _aक | ||
| 100 |
_aसौम्या राजेन्द्रन _942074 |
||
| 245 |
_aस्कूल है मस्त / _cसौम्या राजेन्द्रन;कांचोन मित्रा द्वारा चित्रांकित;सुषमा द्वारा अनुदित |
||
| 260 |
_aचैन्नई _bतूलिका पब्लिशिंग _c2010 |
||
| 270 |
_a13, पृथ्वी ऐवन्यु,अभिरमपुरम _bचैन्नई _e600018 |
||
| 300 |
_aअ.पृ _bसचित्र _c18सेमी (अजिल्द) |
||
| 700 |
_aमित्रा, कांचोन _942026 |
||
| 700 |
_942032 _aसुषमा |
||
| 700 | _942037 | ||
| 942 |
_2ddc _cCH _hक _mसौम्यारा |
||
| 999 |
_c62832 _d62832 |
||